|
|
|
|
| LEADER |
00000nam0a2200000 4500 |
| 001 |
343852 |
| 005 |
20240117143436.0 |
| 035 |
|
|
|a (RuTPU)RU\TPU\book\374484
|
| 090 |
|
|
|a 343852
|
| 100 |
|
|
|a 20191101d2019 k y0rusy50 ca
|
| 101 |
0 |
|
|a rus
|
| 102 |
|
|
|a RU
|
| 105 |
|
|
|a a dm 001zy
|
| 200 |
1 |
|
|a Экспериментальное исследование и математическое моделирование процессов теплопереноса в замкнутых двухфазных термосифонах
|e автореферат диссертации на соискание ученой степени кандидата технических наук
|e спец. 05.14.04
|f А. Е. Нурпейис
|g Национальный исследовательский Томский политехнический университет ; науч. рук. Г. В. Кузнецов
|
| 210 |
|
|
|a Томск
|c [Б. и.]
|d 2019
|
| 215 |
|
|
|a 23 с.
|c ил.
|
| 300 |
|
|
|a Защита сост. 23.12.2019 г.
|
| 320 |
|
|
|a Библиогр.: с. 21-23 (18 назв.)
|
| 452 |
|
1 |
|0 (RuTPU)RU\TPU\book\374202
|t Экспериментальное исследование и математическое моделирование процессов теплопереноса в замкнутых двухфазных термосифонах
|o автореферат диссертации на соискание ученой степени кандидата технических наук
|o спец. 05.14.04
|f А. Е. Нурпейис
|g Национальный исследовательский Томский политехнический университет ; науч. рук. Г. В. Кузнецов
|c Томск
|d 2019
|a Нурпейис, Атлант Едилулы
|
| 606 |
1 |
|
|a Термосифоны
|2 stltpush
|3 (RuTPU)RU\TPU\subj\59970
|9 77461
|
| 610 |
1 |
|
|a замкнутые двухфазные термосифоны
|
| 610 |
1 |
|
|a теплоперенос
|
| 610 |
1 |
|
|a гидродинамика
|
| 610 |
1 |
|
|a тепловые нагрузки
|
| 610 |
1 |
|
|a энергонасыщенное оборудование
|
| 610 |
1 |
|
|a математическое моделирование
|
| 610 |
1 |
|
|a авторефераты диссертаций
|
| 610 |
1 |
|
|a труды учёных ТПУ
|
| 675 |
|
|
|a 621.1-462(04)
|v 4
|
| 686 |
|
|
|a 05.14.04
|2 oksvnk
|
| 700 |
|
1 |
|a Нурпейис
|b А. Е.
|c специалист в области теплотехники
|c ассистент Томского политехнического университета
|f 1988-
|g Атлант Едилулы
|3 (RuTPU)RU\TPU\pers\34869
|
| 702 |
|
1 |
|a Кузнецов
|b Г. В.
|c специалист в области теплоэнергетики
|c профессор Томского политехнического университета, доктор физико-математических наук
|f 1949-
|g Гений Владимирович
|3 (RuTPU)RU\TPU\pers\25528
|4 727
|9 11458
|
| 712 |
0 |
2 |
|a Национальный исследовательский Томский политехнический университет
|c (2009- )
|3 (RuTPU)RU\TPU\col\15902
|9 26305
|
| 801 |
|
1 |
|a RU
|b 63413507
|c 20191101
|
| 801 |
|
2 |
|a RU
|b 63413507
|c 20191128
|g RCR
|
| 942 |
|
|
|c BK
|